[Event "Scheveningen"]
[Site "Kefar Sava ISR"]
[Date "2010.06.28"]
[Round "7"]
[White "Wee,C"]
[Black "Kudischewitsch,D"]
[Result "0-1"]
[WhiteElo "2024"]
[BlackElo "2352"]

1.e4 d5 2.exd5 Qxd5 3.Nc3 Qd6 4.d4 Nf6 5.Nf3 a6 6.Be2 Nbd7 7.Be3 e6 8.Qd2 Be7
9.h3 b5 10.Bd3 Bb7 11.Bf4 Qb6 12.Qe2 c5 13.dxc5 Nxc5 14.a3 Nxd3+ 15.Qxd3 O-O
16.O-O Qc6 17.Rad1 Rac8 18.Rfe1 h6 19.Qf1 Qb6 20.Qd3 Qc6 21.Be5 Rfd8 22.Qf1 Nd7
23.Rd3 f6 24.Bg3 e5 25.Nd5 Bf8 26.b4 Qxc2 27.Ne3 Qa2 28.Red1 Qe6 29.Nh4 Be4
30.R3d2 g5 31.Nf3 Be7 32.Nh2 f5 33.f3 Bb7 34.Bf2 Nf6 35.g4 Rxd2 36.Rxd2 f4
37.Nf5 Bf8 38.h4 e4 39.Bc5 Rxc5 40.bxc5 Bxc5+ 41.Kg2 exf3+ 42.Nxf3 Nxg4 43.Rd8+ Kh7
44.Qd3 Qa2+ 45.Qd2 Qxd2+ 46.Rxd2 Ne5 47.Rc2 Bxf3+ 48.Kf1 Nc4  0-1

[Event "5th Open"]
[Site "Wroclaw POL"]
[Date "2010.06.28"]
[Round "3"]
[White "Feuerstack,A"]
[Black "Tiviakov,S"]
[Result "1/2-1/2"]
[WhiteElo "2371"]
[BlackElo "2634"]

1.e4 d5 2.exd5 Qxd5 3.Nc3 Qd6 4.d4 Nf6 5.Nf3 g6 6.g3 Bg7 7.Bg2 c6 8.O-O O-O
9.Re1 Na6 10.Qe2 Re8 11.Bf4 Qd8 12.Qc4 Nd5 13.Ne5 e6 14.Bd2 Nb6 15.Qe2 Qxd4
16.Ng4 Rf8 17.Rad1 f5 18.Nh6+ Kh8 19.Bg5 Qc4 20.Qd2 Nd5 21.Nxd5 cxd5 22.Be7 Bd7
23.c3 f4 24.Bxf8 Rxf8 25.Ng4 fxg3 26.h3 gxf2+ 27.Nxf2 Qxa2 28.Ng4 Qc4 29.Rf1 Rf5
30.Nh6 Rh5 31.Ng4 Qc5+ 32.Kh1 Qe7 33.Qf2 Nc5 34.b4 Na4 35.Qf7 Qe8 36.c4 Rf5
37.Qxe8+ Bxe8 38.cxd5 exd5 39.Rxf5 gxf5 40.Ne3 Nc3 41.Re1 Bc6 42.Nxf5 Bf8
43.Ne7 Kg7 44.Nxc6 bxc6 45.Re6 Bxb4 46.Rxc6 a5 47.Rxc3 Bxc3 48.Bxd5  1/2-1/2

[Event "5th Open"]
[Site "Wroclaw POL"]
[Date "2010.06.29"]
[Round "5"]
[White "Swiercz,D"]
[Black "Tiviakov,S"]
[Result "0-1"]
[WhiteElo "2501"]
[BlackElo "2634"]

1.e4 d5 2.exd5 Qxd5 3.Nc3 Qd6 4.d4 Nf6 5.Nf3 c6 6.Ne5 Nbd7 7.Nc4 Qc7 8.Qf3 Nb6
9.Bf4 Qd7 10.Be5 Qg4 11.Qe3 Nfd5 12.Nxd5 Nxd5 13.Qd2 h5 14.Be2 Qxg2 15.O-O-O f6
16.h4 fxe5 17.Nxe5 g6 18.Kb1 Bh6 19.Qe1 Rf8 20.Bd3 Bf5 21.Rg1 Qh2 22.Bxf5 Rxf5
23.Rxg6 Bf8 24.Nc4 Rd8 25.Qe6 Qxf2 26.a3 Nc7 27.Qe4 Qf4 28.Qe2 Nb5 29.c3 Nd6
30.Nd2 Qxh4 31.Rdg1 Rf2 32.Qd1 Qf4 33.Nb3 Nc4 34.R6g2 Qf5+ 35.Ka1 Rxg2 36.Rxg2 Ne3  0-1

[Event "1st Open"]
[Site "Marrakesh MAR"]
[Date "2010.07.02"]
[Round "9"]
[White "Luther,T"]
[Black "Boricsev,O"]
[Result "1-0"]
[WhiteElo "2541"]
[BlackElo "2396"]

1.e4 d5 2.exd5 Qxd5 3.Nc3 Qd6 4.d4 Nf6 5.Be3 c6 6.Qd2 Bf5 7.Nf3 e6 8.Nh4 Bg6
9.Nxg6 hxg6 10.h4 Nbd7 11.O-O-O Qb4 12.Kb1 Nd5 13.Ne4 Nxe3 14.Qxe3 Be7 15.Qf4 Qa5
16.Bd3 e5 17.dxe5 Qxe5 18.Qf3 Qe6 19.Rhe1 Ne5 20.Qg3 Bxh4 21.Qh3 O-O-O 22.Nc5  1-0

[Event "XXXIII Open"]
[Site "Barbera del Valles ESP"]
[Date "2010.07.04"]
[Round "1"]
[White "Sanchez Ibern,M"]
[Black "Ipatov,A ESP"]
[Result "0-1"]
[WhiteElo "2255"]
[BlackElo "2507"]

1.e4 d5 2.exd5 Qxd5 3.Nc3 Qd6 4.d4 Nf6 5.Nf3 a6 6.g3 Bg4 7.Bg2 Nc6 8.O-O O-O-O
9.d5 Nb4 10.h3 Bxf3 11.Qxf3 Nbxd5 12.Rd1 e6 13.Nxd5 exd5 14.c4 Qb6 15.Be3 Bc5
16.Bxc5 Qxc5 17.Rac1 Rhe8 18.cxd5 Qd6 19.Qd3 Kb8 20.Rd2 Re7 21.Rcd1 Rde8
22.Qc4 h5 23.b4 g5 24.Qc5 Re5 25.Rd3 Nd7 26.Qxd6 cxd6 27.Bf3 Re1+ 28.Kg2 Nf6
29.Rxe1 Rxe1 30.Bd1 Kc7 31.Rf3 Nd7 32.Bb3 f6 33.Rc3+ Kd8 34.Re3 Rxe3 35.fxe3 Ne5
36.Bd1 h4 37.gxh4 gxh4 38.e4 Nd3 39.Kf3 Nxb4 40.a3 Nd3 41.Be2 Ne5+ 42.Kf4 b5
43.Kf5 Ke7 44.Kf4 Kf8 45.Kf5 Kf7 46.Bh5+ Ke7 47.Be2 Nc4 48.a4 Na3 49.axb5 axb5
50.Kg4 b4 51.Bd1 Nb5 52.Kxh4 Nd4 53.Kh5 Kf7 54.Kh6 b3 55.Bxb3 Nxb3  0-1

[Event "85th ch-ARG"]
[Site "Buenos Aires ARG"]
[Date "2010.07.05"]
[Round "1"]
[White "Dos Santos,R"]
[Black "Lida Garcia,F"]
[Result "1-0"]
[WhiteElo "2442"]
[BlackElo "2055"]

1.e4 d5 2.exd5 Qxd5 3.Nc3 Qd6 4.d4 Nf6 5.Nf3 a6 6.g3 b5 7.Bf4 Qb6 8.Bg2 e6
9.a4 b4 10.a5 Qa7 11.Na4 Nd5 12.Qd2 Nd7 13.O-O Bd6 14.Bxd6 cxd6 15.Ng5 Bb7
16.Ne4 Qb8 17.c4 N5f6 18.Nxd6+ Qxd6 19.Bxb7 Rd8 20.c5 Nxc5 21.Nxc5 Qxc5 22.dxc5 Rxd2
23.Bxa6 Rxb2 24.Bb7 Kd7 25.a6 Kc7 26.c6 Nd5 27.a7 Nb6 28.Rfd1 b3 29.Rdb1 Ra2
30.Rxa2 bxa2 31.Ra1 Rd8 32.Rxa2 Na8 33.Kf1 g5 34.Ke2 Kb6 35.Rb2+ Kc7 36.Rd2 Rf8
37.Rd7+ Kb6 38.Bxa8 Rxa8 39.c7 Rc8 40.Rd8  1-0

[Event "9th Open"]
[Site "La Fere FRA"]
[Date "2010.07.05"]
[Round "3"]
[White "Mataigne,J"]
[Black "Pytel,K"]
[Result "1-0"]
[WhiteElo "2054"]
[BlackElo "2360"]

1.e4 d5 2.exd5 Qxd5 3.Nc3 Qd6 4.d4 Nf6 5.Nf3 c6 6.Ne5 Nbd7 7.Nc4 Qc7 8.Qf3 Nb6
9.Bf4 Qd8 10.Be5 Be6 11.Ne3 Nbd5 12.Ncxd5 Nxd5 13.Be2 f6 14.Bg3 Qa5+ 15.c3 Nxc3
16.Qh5+ Qxh5 17.Bxh5+ g6 18.Bxg6+ hxg6 19.bxc3 Bh6 20.O-O Kf7 21.a4 b6 22.Rab1 Rhd8
23.Rfd1 Rac8 24.h3 c5 25.a5 cxd4 26.cxd4 bxa5 27.d5 Bd7 28.Rb7 a6 29.Bc7 Re8
30.Bxa5 Ba4 31.Rd4 Bb5 32.d6 Rc1+ 33.Kh2 Bc6 34.Rc7 Rc5 35.Rxc6 exd6 36.Rxc5 dxc5
37.Rd7+ Ke6 38.Ra7 Bf4+ 39.Kg1 Bxe3 40.fxe3 Kf5 41.Kf2 Re6 42.Rc7  1-0

[Event "38th TCh-GRE DivA"]
[Site "Peristeri GRE"]
[Date "2010.07.05"]
[Round "1"]
[White "Stoumbou,E"]
[Black "Fatourou,E"]
[Result "0-1"]
[WhiteElo "1934"]
[BlackElo "1896"]

1.e4 d5 2.exd5 Qxd5 3.Nc3 Qd6 4.Bc4 a6 5.d4 Nf6 6.Qd3 g6 7.Nce2 b5 8.Bb3 Bb7
9.Bf4 Qb6 10.Nf3 Bg7 11.Ne5 O-O 12.Qh3 Nc6 13.c3 Nxe5 14.Bxe5 c5 15.O-O-O cxd4
16.Nxd4 b4 17.Nf3 bxc3 18.Bxc3 Rac8 19.Ne5 e6 20.Nc4 Qxf2 21.Rhf1 Qc5 22.Rxf6 Qg5+
23.Kb1 Bxf6 24.Nd6 Rc7 25.Nxb7 Rxb7 26.Qf3 Rxb3 27.axb3 Bxc3 28.bxc3 Qb5
29.c4 Qe5 30.h3 Rb8 31.Kc2 a5 32.Qc3 Qe2+ 33.Rd2 Qe4+ 34.Qd3 Qb7 35.Qd7 Qxb3+  0-1

[Event "9th Open"]
[Site "La Fere FRA"]
[Date "2010.07.06"]
[Round "5"]
[White "Feryn,B"]
[Black "Pytel,K"]
[Result "1-0"]
[WhiteElo "2034"]
[BlackElo "2360"]

1.e4 d5 2.exd5 Qxd5 3.Nc3 Qd6 4.d4 Nf6 5.Nf3 c6 6.Ne5 Nbd7 7.Bf4 Nd5 8.Nxd5 Qxd5
9.Qf3 Qxf3 10.Nxf3 Nb6 11.c4 Be6 12.Rc1 h6 13.Be2 g5 14.Be3 Bg7 15.O-O O-O
16.Rfd1 Rfd8 17.b3 Nc8 18.h3 Nd6 19.d5 cxd5 20.cxd5 Bd7 21.Rc7 Kf8 22.Rdc1 Ke8
23.Bc5 Rdc8 24.Bxd6 exd6 25.Nd2 Rxc7 26.Rxc7 Rb8 27.Bg4 f5 28.Bxf5 Bxf5 29.Rxg7 Bd3
30.Rg8+  1-0

[Event "ch-SWE Mastarklassen"]
[Site "Lund SWE"]
[Date "2010.07.06"]
[Round "4"]
[White "Von Bahr,O"]
[Black "Wallgren,U"]
[Result "1-0"]
[WhiteElo "2303"]
[BlackElo "2063"]

1.e4 d5 2.exd5 Qxd5 3.Nc3 Qd6 4.d4 Nf6 5.Nf3 a6 6.g3 b5 7.Bg2 Bb7 8.O-O e6
9.Bf4 Qb6 10.a4 Bd6 11.Be3 Nd5 12.Qd3 b4 13.a5 Qa7 14.Nxd5 Bxd5 15.c4 bxc3
16.bxc3 Qb7 17.Bd2 Nd7 18.c4 Be4 19.Qe2 O-O 20.Rfe1 Bc6 21.Rab1 Qa7 22.Qd3 Rab8
23.Ng5  1-0

[Event "38th TCh-GRE DivA"]
[Site "Peristeri GRE"]
[Date "2010.07.06"]
[Round "2"]
[White "Gkougkousis,N"]
[Black "Palaskos,M"]
[Result "0-1"]
[WhiteElo "1657"]
[BlackElo "1576"]

1.e4 d5 2.exd5 Qxd5 3.Nc3 Qd6 4.d3 Nf6 5.Be2 a6 6.h3 e5 7.Nf3 Be7 8.Be3 Nc6
9.a3 h6 10.Qd2 Be6 11.Nh2 Nd5 12.Ne4 Qd7 13.Bc5 O-O-O 14.Be3 Nxe3 15.fxe3 f5
16.Nf2 Bc5 17.b4 Bb6 18.Nd1 Qe7 19.Bf1 Rhf8 20.c3 Qh4+ 21.Ke2 e4 22.Nb2 exd3+
23.Nxd3 Bc4 24.Nf3 Qe4 25.Ne1 Ne5 26.Rd1 Nxd3 27.Nxd3 Rxd3 28.Qxd3 Qxe3+  0-1

[Event "38th TCh-GRE DivA"]
[Site "Peristeri GRE"]
[Date "2010.07.06"]
[Round "2"]
[White "Fragaki,M"]
[Black "Themeli,D"]
[Result "1-0"]
[WhiteElo "1935"]
[BlackElo "1684"]

1.e4 d5 2.exd5 Qxd5 3.Nc3 Qd6 4.d4 Nf6 5.Nf3 a6 6.Ne5 Nc6 7.Nxc6 Qxc6 8.Bf4 e6
9.a3 Bd6 10.Qd2 b5 11.Bxd6 Qxd6 12.Rd1 Bb7 13.Qg5 O-O 14.Be2 Rfd8 15.Rd3 Ne4
16.Nxe4 Bxe4 17.Rg3 Bg6 18.c3 Rd7 19.h4 f6 20.Qe3 Bf5 21.h5 h6 22.Bg4 Bxg4
23.Rxg4 Kh8 24.O-O Re8 25.Re4 Rde7 26.Re1 e5 27.Qe2 c5 28.dxc5 Qxc5 29.Rd1 Qc6
30.Re3 e4 31.Qd2 f5 32.Qd6 Qxd6 33.Rxd6 Re6 34.Rxe6 Rxe6 35.f3 Kh7 36.fxe4 fxe4
37.Kf2 g6 38.Kg3 g5 39.Re2 Kg7 40.Rf2 Rf6 41.Rxf6 Kxf6 42.Kf2 Ke5 43.Ke3 a5
44.b3 Kd5 45.a4 bxa4 46.bxa4 Kc4 47.Kxe4 Kb3 48.Kd5 Kxa4 49.c4 Kb3 50.c5 a4
51.c6 a3 52.c7 a2 53.c8=Q a1=Q 54.Qc4+ Ka3 55.Qa6+ Kb2 56.Qxa1+ Kxa1 57.Ke6 Kb2
58.Kf6 Kc3 59.Kg6 Kd3 60.Kxh6 g4 61.Kg5 g3 62.Kg4 Ke4 63.h6 Ke3 64.h7 Kf2
65.Kh3  1-0

[Event "XXXIII Open"]
[Site "Barbera del Valles ESP"]
[Date "2010.07.07"]
[Round "4"]
[White "Rahal,M"]
[Black "Grafl,F"]
[Result "1/2-1/2"]
[WhiteElo "2344"]
[BlackElo "2416"]

1.e4 d5 2.exd5 Qxd5 3.Nc3 Qd6 4.d4 Nf6 5.Nf3 a6 6.g3 Bg4 7.Bg2 Nc6 8.O-O O-O-O
9.d5 Ne5 10.Bf4 Nxf3+ 11.Bxf3 Bxf3 12.Qxf3 e5 13.dxe6 Qxe6 14.Bg5 Bd6 15.Rfe1 Be5
16.Bf4 Nd7 17.Rad1 f6 18.Nd5 Rhe8 19.Kg2 Kb8 20.b3 Qf5 21.Bxe5 Qxf3+ 22.Kxf3  1/2-1/2

[Event "38th TCh-GRE DivA"]
[Site "Peristeri GRE"]
[Date "2010.07.07"]
[Round "3"]
[White "Kalogeris,I"]
[Black "Papavlasopoulos,D"]
[Result "1-0"]
[WhiteElo "1853"]
[BlackElo "1433"]

1.e4 d5 2.exd5 Qxd5 3.Nc3 Qd6 4.Bc4 Nf6 5.d3 a6 6.a4 Nc6 7.h3 Bf5 8.f4 h5
9.Nf3 e6 10.Qe2 O-O-O 11.Ne5 Qe7 12.Nxc6 bxc6 13.Bxa6+ Kb8 14.O-O Qc5+ 15.Be3 Qa5
16.Bc4 Bb4 17.Nd1 Nd5 18.c3 Bd6 19.b4 Qa8 20.Kh1 Nxe3 21.Nxe3 Bg6 22.Qf3 Rhe8
23.Nc2 f6 24.Nd4 Kc8 25.Nxc6 Rd7 26.Ne7+ Kb8 27.Nxg6 Qxf3 28.Rxf3 e5 29.Bb5  1-0

[Event "IsBank TCh-TUR"]
[Site "Konya TUR"]
[Date "2010.07.08"]
[Round "13"]
[White "Tulay,S"]
[Black "Isparta,Sevim"]
[Result "1/2-1/2"]
[WhiteElo "1788"]
[BlackElo "1605"]

1.e4 d5 2.exd5 Qxd5 3.Nc3 Qd6 4.d4 Nf6 5.h3 a6 6.Nf3 Nc6 7.Be3 Bf5 8.a3 O-O-O
9.Bc4 e5 10.d5 Ne7 11.O-O h6 12.b4 Nexd5 13.Nxd5 Nxd5 14.Bxd5 Qxd5 15.Qxd5 Rxd5
16.c4 Rd8 17.Nxe5 Be6 18.c5 Be7 19.Rad1 Bf6 20.Nf3 Bc4 21.Rfe1 Rd3 22.Rxd3 Bxd3
23.Bd4 Bxd4 24.Nxd4 Rd8 25.Nf3 Bc4 26.Re3 Rd1+ 27.Kh2 Kd8 28.Kg3 f6 29.Nh4 Rd3
30.Nf5 Rd5 31.Kf4 g5+ 32.Ke4 Re5+ 33.Kd4 Rxf5 34.Kxc4 Rxf2 35.g4 Kd7 36.Rd3+ Kc6
37.Re3 Rf4+ 38.Kd3 Kb5 39.Kc3 a5 40.bxa5 Kxa5 41.Kb3 Kb5 42.Rc3 f5 43.gxf5 Rxf5
44.a4+ Ka5 45.c6 b6 46.Re3 Rf4 47.Re7 Rxa4 48.Rxc7 Rb4+ 49.Kc3 Kb5 50.Rh7 Rc4+
51.Kb3 Rxc6 52.Rf7 Rd6 53.Rf5+ Kc6 54.Kc4 Re6 55.Kd4 Kb7 56.Rf7+ Ka6 57.Rf5 b5
58.Kd5 Rb6 59.Kc5 b4 60.Rf2 b3 61.Rb2 Ka5 62.Kc4 Rb4+ 63.Kc3 Ka4 64.Rb1 Rh4
65.Ra1+ Kb5 66.Kxb3 Rxh3+ 67.Kc2 g4 68.Kd2 h5 69.Rg1 Kc4 70.Ke2 Kd4 71.Kf2 Ke4
72.Re1+ Kf4  1/2-1/2

[Event "4th LCT Blindfold"]
[Site "Leiden NED"]
[Date "2010.07.08"]
[Round "1"]
[White "Van der Wiel,J"]
[Black "Tiviakov,S"]
[Result "1/2-1/2"]
[WhiteElo "2467"]
[BlackElo "2623"]

1.e4 d5 2.exd5 Qxd5 3.Nc3 Qd6 4.g3 Nf6 5.Bg2 c6 6.Nge2 g6 7.d4 Bg7 8.Bf4 Qd8
9.Qd2 Bg4 10.Bh6 Bxh6 11.Qxh6 Bxe2 12.Nxe2 Nbd7 13.O-O Qc7 14.Rfe1 O-O-O
15.Nf4 e6 16.c3 Kb8 17.Nd3 Ng4 18.Qg5 h5 19.b4 Rc8 20.a4 Nh6 21.Rab1 Nf5
22.h3 Qd6 23.Rb2 Rc7 24.Nc5 Kc8 25.Ne4 Qf8 26.Qf4 Qe7 27.b5 c5 28.g4 hxg4
29.hxg4 g5 30.Qxg5 Qxg5 31.Nxg5 Nh6 32.d5 exd5 33.Bxd5 Nf6 34.Bg2 Rg8 35.f4 Nfxg4
36.b6 axb6 37.Rxb6 Rd8 38.a5  1/2-1/2

[Event "38th TCh-GRE DivA"]
[Site "Peristeri GRE"]
[Date "2010.07.08"]
[Round "4"]
[White "Michelakos,P"]
[Black "Palaskos,M"]
[Result "1-0"]
[WhiteElo "1996"]
[BlackElo "1576"]

1.e4 d5 2.exd5 Qxd5 3.Nc3 Qd6 4.d4 Nf6 5.Nf3 a6 6.g3 Bg4 7.Bg2 Nc6 8.O-O O-O-O
9.d5 Nb4 10.Bf4 Qc5 11.Be3 Qd6 12.Qe2 Nbxd5 13.Nxd5 Nxd5 14.Rfd1 Qf6 15.c4 Nxe3
16.Rxd8+ Kxd8 17.Qxe3 Qb6 18.c5 Qe6 19.Qd3+ Kc8 20.Rd1 Qd7 21.Qb3 Qe6 22.Qa4 c6
23.Qa5 Qd5 24.Rxd5 cxd5 25.Ne5 Be6 26.c6 bxc6 27.Qxa6+ Kb8 28.Nxc6+ Kc7 29.Na5 Bc8
30.Qc6+  1-0

[Event "85th ch-ARG"]
[Site "Buenos Aires ARG"]
[Date "2010.07.09"]
[Round "5"]
[White "Fiori,A"]
[Black "Ponzo,F"]
[Result "1-0"]
[WhiteElo "2166"]
[BlackElo "2027"]

1.e4 d5 2.exd5 Qxd5 3.Nc3 Qd6 4.d4 Nf6 5.Nge2 c6 6.g3 e6 7.Bg2 Be7 8.O-O O-O
9.Bf4 Qb4 10.b3 Qb6 11.Na4 Qd8 12.c4 Nbd7 13.Qc2 Re8 14.Rad1 Nf8 15.Nac3 Ng6
16.Bc1 Bf8 17.Bb2 Qc7 18.Ne4 Be7 19.Rfe1 Nxe4 20.Bxe4 Bf6 21.Bxg6 hxg6 22.Nc3 b6
23.Ne4 Be7 24.Qc3 Bf8 25.Qf3 Bd7 26.a3 Rad8 27.b4 f6 28.d5 f5 29.Ng5 cxd5
30.cxd5 e5 31.d6 Qc4 32.Bxe5 Bc6 33.Rc1 Rxe5 34.Qd1 Rxe1+ 35.Qxe1 Qd5 36.Rxc6 Qxc6
37.Qe6+ Kh8  1-0

[Event "Heart of Finland"]
[Site "Jyvaskyla FIN"]
[Date "2010.07.09"]
[Round "7"]
[White "Topi Hulmi,T"]
[Black "Rehn,R"]
[Result "0-1"]
[WhiteElo "2302"]
[BlackElo "2164"]

1.e4 d5 2.exd5 Qxd5 3.Nc3 Qd6 4.d4 Nf6 5.Nf3 Bg4 6.h3 Bh5 7.g4 Bg6 8.Ne5 c6
9.Bf4 Nd5 10.Nxg6 Qxg6 11.Bd3 Qe6+ 12.Be5 Nxc3 13.bxc3 f6 14.Qe2 fxe5 15.Bc4 Qf6
16.dxe5 Qf4 17.Rd1 Nd7 18.Bf7+ Qxf7 19.e6 Qf4 20.exd7+ Kd8 21.O-O h5 22.Rd4 Qf6
23.Rb1 hxg4 24.Rxb7 gxh3 25.Kh2 c5 26.Re4 Qd6+ 27.f4 Qc6 28.Rb1 Kxd7 29.f5 Rh6
30.Re1 Re8 31.Qc4 Rf6 32.R1e2 Rxf5 33.Kxh3 e5 34.Rg4 Qh1+ 35.Rh2 Rh5+  0-1

[Event "XXXIII Open"]
[Site "Barbera del Valles ESP"]
[Date "2010.07.10"]
[Round "7"]
[White "Bruzon Batista,L"]
[Black "Ipatov,A ESP"]
[Result "1-0"]
[WhiteElo "2653"]
[BlackElo "2507"]

1.e4 d5 2.exd5 Qxd5 3.Nc3 Qd6 4.d4 Nf6 5.Nf3 a6 6.g3 Bg4 7.h3 Bh5 8.Bg2 Nc6
9.O-O O-O-O 10.Bf4 Qd7 11.g4 Bg6 12.Ne5 Nxe5 13.Bxe5 e6 14.f4 Nd5 15.f5 f6
16.Bg3 Nxc3 17.bxc3 Bf7 18.Rb1 c6 19.Qd3 Bd6 20.Bxd6 Qxd6 21.Rb6 Kc7 22.Rfb1 Rb8
23.Qc4 Rhc8 24.Qb3 Kd7 25.Rxb7+ Rxb7 26.Qxb7+ Rc7 27.Qxa6 exf5 28.gxf5 Qg3
29.Qd3 Qxd3 30.cxd3 Bxa2 31.Rb2 Bd5 32.Be4 Ra7 33.Kf2 Ra2 34.Rxa2 Bxa2 35.c4 Kd6
36.Ke3 c5 37.Bd5 Bb3 38.Bg8 h6 39.Kd2 Ba4 40.dxc5+ Kxc5 41.Kc3 Be8 42.d4+ Kd6
43.c5+ Kc7 44.d5 g6 45.fxg6 Bxg6 46.Kd4 Bb1 47.h4 Kd7 48.Be6+ Kc7 49.d6+ Kc6
50.Bd5+ Kd7 51.Bc4 Bf5 52.Bb5+ Ke6 53.d7 Ke7 54.c6  1-0

[Event "4th LCT"]
[Site "Leiden NED"]
[Date "2010.07.10"]
[Round "2"]
[White "Van Hengel,H"]
[Black "Tiviakov,S"]
[Result "0-1"]
[WhiteElo "2191"]
[BlackElo "2623"]

1.e4 d5 2.exd5 Qxd5 3.Nc3 Qd6 4.d4 Nf6 5.Nf3 g6 6.Ne5 Bg7 7.Bc4 O-O 8.O-O a6
9.Re1 b5 10.Bb3 Bb7 11.Bf4 Qd8 12.Qe2 Nd5 13.Qf3 e6 14.Ne4 Nc6 15.Rad1 Nxf4
16.Qxf4 Qe7 17.c3 Kh8 18.Rd3 Nxe5 19.dxe5 Bxe4 20.Rxe4 c5 21.Bc2 Rad8 22.g3 Rd5
23.Rxd5 exd5 24.Re1 Re8 25.Qd2 Qe6 26.Rd1 Rd8 27.f4 f6 28.exf6 Qxf6 29.Qe3 c4
30.Kf1 b4 31.Qc5 Qe6 32.Re1 Qh3+ 33.Kg1 bxc3 34.bxc3 Bxc3 35.Re7 Bf6 36.Rf7 Qe6
37.Qa7 Kg8 38.Rxh7 Bd4+ 39.Qxd4 Kxh7 40.f5 Qd6 41.fxg6+ Kg8 42.Bf5 Re8 43.Kg2 Qe5
44.Qa7 Qe2+  0-1

[Event "38th TCh-GRE DivA"]
[Site "Peristeri GRE"]
[Date "2010.07.10"]
[Round "6"]
[White "Papadopoulos,Geo3"]
[Black "Papadopoulos,A"]
[Result "1-0"]
[WhiteElo "1919"]
[BlackElo "1632"]

1.e4 d5 2.exd5 Qxd5 3.Nc3 Qd6 4.d4 Nf6 5.Nf3 a6 6.g3 Bg4 7.h3 Bxf3 8.Qxf3 c6
9.Be3 Nbd7 10.Bg2 e6 11.O-O Be7 12.a3 Nd5 13.Ne4 Qc7 14.Bd2 O-O 15.c4 N5f6
16.Nxf6+ Nxf6 17.Rfe1 Rfd8 18.Bc3 Rac8 19.Rad1 b5 20.Qe2 Rd7 21.Rc1 Qb8 22.Ra1 Qa7
23.Rad1 h6 24.Kh2 Qb8 25.Qf1 Qa7 26.Re3 Rcc7 27.Qe2 bxc4 28.Qxc4 Nd5 29.Re2 Bf6
30.Ba5 Rb7 31.Red2 Rd6 32.Bxd5 cxd5 33.Qd3 Qb8 34.Rc2 Rxb2 35.Bc7 Rb3 36.Bxb8 Rxd3
37.Rxd3  1-0

[Event "38th TCh-GRE DivA"]
[Site "Peristeri GRE"]
[Date "2010.07.10"]
[Round "6"]
[White "Iordanidou,Z"]
[Black "Fatourou,E"]
[Result "1-0"]
[WhiteElo "2107"]
[BlackElo "1896"]

1.e4 d5 2.exd5 Qxd5 3.Nc3 Qd6 4.d4 Nf6 5.Nf3 a6 6.h3 Bf5 7.Bd3 Bxd3 8.Qxd3 Nc6
9.Be3 e6 10.a3 Qd7 11.O-O Bd6 12.Rfe1 Ne7 13.Ne2 Nfd5 14.Bd2 Ng6 15.c4 Ndf4
16.Nxf4 Bxf4 17.Bxf4 Nxf4 18.Qe4 Ng6 19.Qxb7 O-O 20.b4 Rfb8 21.Qe4 a5 22.b5 Re8
23.a4 f6 24.Rad1 Rab8 25.h4 f5 26.Qe3 Qe7 27.h5 Nf8 28.Ne5 Qh4 29.Qf3 g5
30.g4 Kg7 31.Rd3 Rbd8 32.gxf5 exf5 33.Qxf5 Qxh5 34.Rh3  1-0

[Event "38th TCh-GRE DivA"]
[Site "Peristeri GRE"]
[Date "2010.07.11"]
[Round "7"]
[White "Ikonomopoulou,M"]
[Black "Fatourou,E"]
[Result "1-0"]
[WhiteElo "2066"]
[BlackElo "1896"]

1.e4 d5 2.exd5 Qxd5 3.Nc3 Qd6 4.d4 Nf6 5.Nf3 a6 6.g3 Bg4 7.Bg2 Nc6 8.O-O O-O-O
9.d5 Nxd5 10.Nxd5 Qxd5 11.Qxd5 Rxd5 12.Ng5 Rf5 13.f3 h6 14.Ne4 Nd4 15.fxg4 Rxf1+
16.Kxf1 Nxc2 17.Rb1 e6 18.Bf4 Nb4 19.Rc1 Nd5 20.Nd6+ Bxd6 21.Bxd6 Ne3+ 22.Kg1 Kd7
23.Bf4 Nd5 24.Bxd5 exd5 25.Rxc7+ Ke6 26.Rxb7 d4 27.Kf2 g5 28.Bd2 Kd5 29.Rd7+ Kc4
30.Rxd4+  1-0

[Event "Canadian Open"]
[Site "Toronto CAN"]
[Date "2010.07.11"]
[Round "2"]
[White "Krnan,T"]
[Black "Egorov,M"]
[Result "1-0"]
[WhiteElo "2408"]
[BlackElo "2038"]

1.e4 d5 2.exd5 Qxd5 3.Nc3 Qd6 4.d4 Nf6 5.Nf3 c6 6.h3 g6 7.Bg5 Bg7 8.Qd2 Nbd7
9.O-O-O O-O 10.Bf4 Qb4 11.Bc7 e6 12.a3 Qe7 13.g4 Nb6 14.Be5 Nbd7 15.g5 Ne8
16.Ne4 b6 17.h4 Bb7 18.Qf4 c5 19.Bxg7 Kxg7 20.dxc5 bxc5 21.Bb5 Rd8 22.Bxd7 Rxd7
23.Rxd7 Qxd7 24.Nxc5 Qd5 25.Nxb7 Qxb7 26.Rd1 Kg8 27.Ne5 Ng7 28.Nd7 Rc8 29.Nf6+ Kh8
30.Qd6 Ne8 31.Qf8+  1-0

[Event "Int ch-SVK OpenA"]
[Site "Banska Stiavnica SVK"]
[Date "2010.07.12"]
[Round "3"]
[White "Leniart,A"]
[Black "De Sallier,F"]
[Result "1-0"]
[WhiteElo "2423"]
[BlackElo "2130"]

1.e4 d5 2.exd5 Qxd5 3.Nc3 Qd6 4.d4 Nf6 5.Be2 a6 6.a4 Nc6 7.Be3 e5 8.dxe5 Nxe5
9.Nf3 Bf5 10.O-O Nfg4 11.Nxe5 Nxe5 12.Qe1 O-O-O 13.Rd1 Qg6 14.Rxd8+ Kxd8
15.f4 Nc6 16.Bf3 Kc8 17.Qe2 Nb4 18.Nd5 Nxd5 19.Bxd5 Bd6 20.Qc4 Be6 21.Bxe6+ Qxe6
22.Qxe6+ fxe6 23.Bd4 Rf8 24.Bxg7 Rxf4 25.Rxf4 Bxf4 26.Kf2 Kd7 27.g3 Bc1 28.Kf3 Kd6
29.Ke4 b5 30.axb5 axb5 31.b3 c6 32.Bf6 Kd7 33.g4 Ba3 34.h4 Ke8 35.Bd4 Bd6
36.Be5 Ba3 37.c3 Bc5 38.Bf4 Bf8 39.Ke5 Kf7 40.Bd2 Ke7 41.Bg5+ Kf7 42.h5 Bc5
43.Bd2 Ke7 44.Bg5+ Kf7 45.Bd8 Ke8 46.Bf6 Kf7 47.Bd8 Ke8 48.Bh4 Kd7 49.g5 b4
50.c4 Bd6+ 51.Kf6 Be7+ 52.Kg7 e5 53.Kxh7 e4 54.g6 Bxh4 55.g7 e3 56.g8=Q e2
57.Qg4+  1-0

[Event "85th ch-ARG"]
[Site "Buenos Aires ARG"]
[Date "2010.07.12"]
[Round "7"]
[White "Martinez de Negri,G"]
[Black "Ponzo,F"]
[Result "1/2-1/2"]
[WhiteElo "2069"]
[BlackElo "2027"]

1.e4 d5 2.exd5 Qxd5 3.Nc3 Qd6 4.d4 Nf6 5.Bc4 Bf5 6.Nge2 c6 7.O-O e6 8.Re1 Be7
9.Bf4 Qb4 10.Bb3 Qa5 11.Ng3 Bg6 12.Bxe6 fxe6 13.Rxe6 Qd8 14.Bd6 Qxd6 15.Rxd6 Bxd6
16.Qe2+ Kd8 17.d5 Re8 18.Qd2 Kc7 19.Rd1 Rd8 20.dxc6 bxc6 21.Na4 Na6 22.a3 Kb7
23.Qc3 Bb4 24.Qf3 Rxd1+ 25.Qxd1 Be7 26.h3 Rd8 27.Qe1 Bf8 28.c4 Bc2 29.Nc3 h5
30.b4 h4 31.Nf1 Nc7 32.Qc1 Bd3 33.Ne3 Ne6 34.b5 Ne4 35.bxc6+ Kxc6 36.Ned5 Bc5
37.Nxe4 Bxe4 38.Qd1 Bxd5 39.Qa4+ Kd6 40.cxd5 Kxd5 41.Qxh4 Rf8 42.Qh5+ Kc6
43.Qg6 Kd7 44.Qd3+ Ke7 45.Qa6 Rxf2 46.Kh1 Bb6 47.a4 Ra2 48.Qc4 Ra1+ 49.Kh2 Bd4
50.h4 Be5+ 51.Kh3 g6 52.Qb4+ Kf6 53.Kg4 Rd1 54.Qb5 Rd4+ 55.Kf3 Rxh4 56.Qe8 Rf4+
57.Ke2 Kf5 58.Qf7+ Bf6 59.Qxa7 Re4+ 60.Kd1 Rd4+ 61.Kc2 Rc4+ 62.Kd1 Rd4+ 63.Kc2 Rc4+
64.Kd1 Nc5 65.a5 Rd4+ 66.Ke2 Ne4 67.Qa8 Rd2+ 68.Kf3 Rf2+ 69.Ke3 Bg5+ 70.Kd4 Rd2+
71.Kc4 Rc2+ 72.Kb3 Rxg2 73.Qd5+ Kf4 74.a6 Bf6 75.Qxe4+ Kxe4 76.a7 Rb2+ 77.Ka3 g5
78.a8=Q+ Kf5 79.Qf3+ Kg6 80.Qe4+ Kg7 81.Qf5 Rd2 82.Kb3 Rd4 83.Kc2 Rf4 84.Qe6 Rd4
85.Qf5 g4 86.Qe6 Kg6 87.Qg8+ Kf5 88.Qh7+ Ke5 89.Qh5+ Ke6 90.Qe8+ Kf5 91.Qh5+ Kf4
92.Qf7 Rd6 93.Qc7 Be5 94.Qc4+ Rd4 95.Qf1+ Kg5 96.Qe2 Kf4 97.Qf2+ Ke4 98.Qg2+ Kf5
99.Qf1+ Rf4  1/2-1/2

[Event "5th Summer Cup"]
[Site "Porto Carras GRE"]
[Date "2010.07.12"]
[Round "2"]
[White "Nedev,T"]
[Black "Markantonis,V"]
[Result "1-0"]
[WhiteElo "2506"]
[BlackElo "1976"]

1.e4 d5 2.exd5 Qxd5 3.Nc3 Qd6 4.d4 Nf6 5.Nf3 a6 6.g3 Bg4 7.h3 Bxf3 8.Qxf3 Nc6
9.Be3 e6 10.O-O-O O-O-O 11.g4 Nb4 12.Bg2 Nfd5 13.a3 Nxc3 14.Qxb7+ Kd7 15.bxc3 Nd5
16.Kd2 Be7 17.Qb3 Rb8 18.Qa4+ c6 19.Qxa6 Qc7 20.Bxd5 exd5 21.Rb1 Bd6 22.Qd3 Bxa3
23.Qf5+ Ke7 24.Bf4 Bd6 25.Rhe1+ Kf8 26.Rxb8+ Qxb8 27.Bxd6+  1-0

[Event "5th Summer Cup"]
[Site "Porto Carras GRE"]
[Date "2010.07.12"]
[Round "2"]
[White "Karlovich,A"]
[Black "Karagiannis,D"]
[Result "1-0"]
[WhiteElo "2174"]
[BlackElo "1895"]

1.e4 d5 2.exd5 Qxd5 3.Nc3 Qd6 4.d4 Nf6 5.Bc4 a6 6.Bb3 e5 7.Nge2 Nbd7 8.O-O Be7
9.Re1 O-O 10.Ng3 Qxd4 11.Nf5  1-0

[Event "5th Nana Aleksandria Cup"]
[Site "Poti GEO"]
[Date "2010.07.12"]
[Round "2"]
[White "Hussein,AH"]
[Black "Khmiadashvili,T"]
[Result "1-0"]
[WhiteElo "2373"]
[BlackElo "2171"]

1.e4 d5 2.exd5 Qxd5 3.Nc3 Qd6 4.Nf3 c6 5.Be2 Bf5 6.O-O e5 7.Re1 Be7 8.Bf1 Nd7
9.d4 O-O-O 10.dxe5 Qxd1 11.Nxd1 Bxc2 12.Be3 Nb6 13.Nd4 Bg6 14.Nc3 Nh6 15.h3 Nf5
16.Nxf5 Bxf5 17.a4 Bb4 18.Rec1 Kb8 19.a5 Bxc3 20.bxc3 Nd7 21.f4 h5 22.Ra2 f6
23.Rb2 Ka8 24.a6 b6 25.Rd2 Kb8 26.Rcd1 Kc7 27.Rd6 Nc5 28.Rxd8 Rxd8 29.Rxd8 Kxd8
30.exf6 gxf6 31.Be2 Bg6 32.g4 hxg4 33.hxg4 Be4 34.Kf2 Nd7 35.f5 c5 36.Bf4 Bc6
37.Bd6 Bd5 38.Ke3 Bc6 39.Kf4 Ke8 40.Bc4 b5 41.Bg8 b4 42.cxb4 cxb4 43.Bxb4 Nb6
44.Bc5 Nd7 45.Bxa7 Bb5 46.Bd4 Bxa6 47.Be6 Nf8 48.Bb3 Nd7 49.Ba4 Ke7 50.Bxd7 Kxd7
51.Bxf6 Bc4 52.Bc3 Ke8 53.g5 Bb3 54.g6 Bc2 55.Kg5 Bd3 56.Bb4 Bc2 57.f6 Bb3
58.Kh6  1-0